Daňová evidencia, účtovníctvo či paušálne výdavky

Daňové priznanie fyzickej osoby - podnikateľa. Príjmy z podnikania fyzických osôb. Príjmy z inej samostatne zárobkovej činnosti. Možnosti uplatňovania výdavkov k dosiahnutým príjmom vo forme paušálnych výdavkov a skutočne vynaložených výdavkov.

Gespeichert in:
Bibliographische Detailangaben
1. Verfasser: Varinská, Katarína
Format: Buchkapitel
Sprache:Slowakisch
Schlagworte:
Tags: Tag hinzufügen
Keine Tags, Fügen Sie das erste Tag hinzu!

MARC

LEADER 00000nla a2200000 4500
001 0166177
005 20240502072909.8
041 0 |a slo 
044 |a SK 
245 1 0 |a Daňová evidencia, účtovníctvo či paušálne výdavky  |c Katarína Varinská 
520 |a Daňové priznanie fyzickej osoby - podnikateľa. Príjmy z podnikania fyzických osôb. Príjmy z inej samostatne zárobkovej činnosti. Možnosti uplatňovania výdavkov k dosiahnutým príjmom vo forme paušálnych výdavkov a skutočne vynaložených výdavkov. 
610 2 0 |a dane 
610 2 0 |a priznania daňové 
610 2 0 |a osoby fyzické 
610 2 0 |a podnikatelia 
610 2 0 |a výdavky 
610 2 0 |a výdavky paušálne 
610 2 0 |a príjmy 
100 1 |a Varinská, Katarína